Community psychology : (Record no. 51583)

MARC details
000 -LEADER
fixed length control field 00613nam a2200217Ia 4500
005 - DATE AND TIME OF LATEST TRANSACTION
control field 20260429111941.0
008 - FIXED-LENGTH DATA ELEMENTS--GENERAL INFORMATION
fixed length control field 260429s9999||||xx |||||||||||||| ||und||
020 ## - INTERNATIONAL STANDARD BOOK NUMBER
International Standard Book Number 9781032780924
041 ## - LANGUAGE CODE
Language English
082 ## - DEWEY DECIMAL CLASSIFICATION NUMBER
Classification number 362.2
Item number DEB
100 ## - MAIN ENTRY--PERSONAL NAME
Personal name Deb, Sibnath
245 #0 - TITLE STATEMENT
Title Community psychology :
Remainder of title emerging issues and challenges /
Statement of responsibility, etc Sibnath Deb
260 ## - PUBLICATION, DISTRIBUTION, ETC. (IMPRINT)
Place of publication, distribution, etc United Kingdom :
Name of publisher, distributor, etc Routledge,
Date of publication, distribution, etc 2024.
300 ## - PHYSICAL DESCRIPTION
Extent xviii, 470 p.; hb
650 ## - SUBJECT ADDED ENTRY--TOPICAL TERM
Topical term or geographic name as entry element Community psychology
650 ## - SUBJECT ADDED ENTRY--TOPICAL TERM
Topical term or geographic name as entry element Social problems
700 ## - ADDED ENTRY--PERSONAL NAME
Personal name Deb, Shayana
700 ## - ADDED ENTRY--PERSONAL NAME
Personal name Sanyal, Nilanjana
700 ## - ADDED ENTRY--PERSONAL NAME
Personal name Sunny, Aleena Maria
942 ## - ADDED ENTRY ELEMENTS (KOHA)
Koha item type Text Books
Holdings
Withdrawn status Lost status Damaged status Not for loan Collection code Home library Location Shelving location Date of Cataloging Source of acquisition Total Checkouts Full call number Barcode Date last seen Price effective from Koha item type
        Non-fiction CUTN Central Library CUTN Central Library Social Sciences 29/04/2026 Chennai Book Agency, Chennai - Invoice No. 24-25/0154 on 10-02-2026   362.2 DEB 56611 29/04/2026 29/04/2026 Text Books